| 000 | 00526nam a2200157 a 4500 | ||
|---|---|---|---|
| 001 | 000042771 | ||
| 005 | 20201002040403.0 | ||
| 008 | 140207s1968 it ac 000 0 spa d | ||
| 040 |
_aDO-SdBNP _bspa _cBNPHU |
||
| 100 | 1 |
_aCervante, Miguel de _970113 |
|
| 245 | 1 | 0 |
_aI GIGANTI : _bMiguel de Cervantes. |
| 246 | 1 | 0 |
_aUn giganti : _bMiguel de Cervantes |
| 260 |
_a[Italia] : _bPeriodici Mondadori, _c1968. |
||
| 300 |
_a132 p. : _bil., retrs. ; _c23 cm. |
||
| 504 | _aIncluye referencias bibliográficas y notas al pie de las páginas | ||
| 999 |
_c42260 _d42260 |
||